Estatísticas para Os 15 principais países afetados pela Covid-19; 15 setembro

Clique aqui para jogar o quiz

Estatísticas Gerais

  • Esse quiz foi jogado 12 vezes
  • A pontuação média é 15 de 24

Estatísticas das Respostas

país% Correto
Argentina
100%
Brasil
100%
Índia
100%
Chile
90%
Chile
90%
Estados Unidos
90%
México
90%
Peru
90%
Reino Unido
90%
Colômbia
80%
Espanha
80%
França
80%
Rússia
80%
Irão
70%
África do Sul
50%
Bahrein
40%
Catar
40%
Panamá
40%
Costa Rica
30%
Israel
30%
Kuweit
20%
Omã
20%
Bangladesh
10%
Armênia
0%

Distribuição das Pontuações

Percentil de Números Respondidos

Porcentagem de Pessoas com Cada Pontuação

Sua Pontuação Histórica

Você não jogou esse quiz